000 00408nmm a2200145Ia 4500
008 251105s9999||||xx |||||||||||||||||und||
041 _aspa
100 _aBayly, Jaime
245 0 _aEl niño terrible y la escritora maldita
264 _a[Madrid, España] :
_bEdiciones B,
_c2016
300 _a285 páginas
650 _aRomance
856 _uhttps://public.digitaliapublishing.com/a/53753
942 _cCF
999 _c106155
_d106155